[Event "Munich-ch MK"]
[Site "Munich"]
[Date "2006.02.12"]
[Round "9"]
[White "Niebergall, Gerhard"]
[Black "Callenberg, Ralf"]
[Result "0-1"]
[WhiteElo "2140"]
[BlackElo "2154"]
[PlyCount "100"]
[EventDate "2006.01.20"]
[EventType "tourn"]
[EventRounds "11"]
[EventCountry "GER"]
[SourceTitle "EXT 2007"]
[Source "ChessBase"]
[SourceDate "2006.11.23"]
[SourceVersion "1"]
[SourceVersionDate "2006.11.23"]
[SourceQuality "1"]

1. e4 c5 2. Nf3 d6 3. d4 cxd4 4. Nxd4 Nf6 5. Nc3 a6 6. f3 e5 7. Nb3 Be6 8. Be3 b5 9. Qd2 Nbd7 10. 0-0-0 Be7 11. g4 Nb6 12. g5 Nh5 13. Nd5 Bxd5 14. exd5 Nc4 15. Bxc4 bxc4 16. Na5 Qc7 17. Nc6 0-0 18. Rhg1 g6 19. f4 exf4 20. Bd4 Rfe8 21. Qc3 Bf8 22. Rg4 Re4 23. Rh4 Qd7 24. Qf3 Rae8 25. Rg4 Qf5 26. Rg2 Qxd5 27. Nb4 Qb7 28. Bc3 Qc8 29. Nd5 Qf5 30. h4 R8e6 31. a4 Bg7 32. Bxg7 Kxg7 33. Qc3+ Qe5 34. Qf3 Re1 35. Rgd2 Rxd1+ 36. Rxd1 Qe4 37. Qc3+ Re5 38. Kb1 f3 39. Nf6 Nxf6 40. gxf6+ Kxf6 41. Rxd6+ Kg7 42. Rd2 Qe3 43. Qxe3 Rxe3 44. Rf2 Kf6 45. Kc1 Kf5 46. Kd2 Kf4 47. h5 Re5 48. hxg6 hxg6 49. Rh2 Kg3 50. Rh7 Rf5 0-1

[Event "Munich-ch MK"]
[Site "Munich"]
[Date "2006.02.03"]
[Round "4"]
[White "Callenberg, Ralf"]
[Black "Jorczik, Julian Marcel"]
[Result "0-1"]
[WhiteElo "2154"]
[BlackElo "2169"]
[PlyCount "92"]
[EventDate "2006.01.20"]
[EventType "tourn"]
[EventRounds "11"]
[EventCountry "GER"]
[SourceTitle "EXT 2007"]
[Source "ChessBase"]
[SourceDate "2006.11.23"]
[SourceVersion "1"]
[SourceVersionDate "2006.11.23"]
[SourceQuality "1"]

1. c4 e5 2. g3 Nc6 3. Bg2 d6 4. d3 Be6 5. Nf3 Qd7 6. Ng5 Nge7 7. Nc3 Nd8 8. Nxe6 Qxe6 9. Qa4+ c6 10. Bg5 Qd7 11. Ne4 Ne6 12. Bh3 h6 13. Bd2 f5 14. Nc3 g6 15. e4 Bg7 16. Be3 0-0 17. Nd5 Nc8 18. exf5 gxf5 19. Nc3 Qf7 20. 0-0-0 Qh5 21. Bf1 f4 22. gxf4 exf4 23. Be2 Qh4 24. Bd2 f3 25. Bf1 Qxf2 26. Bh3 Nc5 27. Qc2 Qd4 28. Kb1 Nb6 29. Bc1 Rae8 30. Rhg1 Qh4 31. Rg3 Kh8 32. b4 Ne6 33. Bxe6 Rxe6 34. Ne4 d5 35. Bb2 Rf7 36. Rdg1 Rfe7 37. Nd6 Rf6 38. Rxg7 Rxg7 39. Rxg7 Qe1+ 40. Qc1 Qxc1+ 41. Kxc1 f2 42. Rf7 f1Q+ 43. Kc2 Qe2+ 44. Kc1 Qe1+ 45. Kc2 Qf2+ 46. Kb3 d4 0-1

[Event "Munich-ch"]
[Site "Munich"]
[Date "2005.03.14"]
[Round "10"]
[White "Callenberg, Ralf"]
[Black "Urankar, Hans Peter"]
[Result "0-1"]
[WhiteElo "2130"]
[BlackElo "2228"]
[PlyCount "64"]
[EventDate "2005.01.21"]
[EventType "tourn"]
[EventRounds "11"]
[EventCountry "GER"]
[SourceTitle "EXT 2007"]
[Source "ChessBase"]
[SourceDate "2006.11.23"]
[SourceVersion "1"]
[SourceVersionDate "2006.11.23"]
[SourceQuality "1"]

1. c4 f5 2. g3 Nf6 3. Bg2 g6 4. Nf3 Bg7 5. Nc3 0-0 6. d3 d6 7. Bd2 a5 8. Rb1 c6 9. a3 e5 10. b4 axb4 11. axb4 e4 12. dxe4 fxe4 13. Ng5 e3 14. fxe3 Ng4 15. Nge4 Be6 16. Bh3 Nd7 17. Bxg4 Bxg4 18. Nf2 Be6 19. Nce4 Bxc4 20. Bc3 Bxc3+ 21. Nxc3 Rxf2 22. Qd4 Rf7 23. Qxc4 Qe7 24. Qd4 Qe6 25. Ne4 Re7 26. Nxd6 Nf6 27. 0-0 Ng4 28. e4 Rd8 29. Rbd1 Red7 30. Qc4 Qxc4 31. Nxc4 Rxd1 32. Na5 Rxf1+ 0-1

[Event "Munich-ch"]
[Site "Munich"]
[Date "2005.02.19"]
[Round "5"]
[White "Kuebler, Uwe"]
[Black "Callenberg, Ralf"]
[Result "0-1"]
[WhiteElo "2159"]
[BlackElo "2130"]
[PlyCount "86"]
[EventDate "2005.01.21"]
[EventType "tourn"]
[EventRounds "11"]
[EventCountry "GER"]
[SourceTitle "EXT 2007"]
[Source "ChessBase"]
[SourceDate "2006.11.23"]
[SourceVersion "1"]
[SourceVersionDate "2006.11.23"]
[SourceQuality "1"]

1. Nf3 Nf6 2. d4 g6 3. c4 Bg7 4. Nc3 d5 5. e3 0-0 6. Be2 c5 7. dxc5 Qa5 8. 0-0 dxc4 9. Bxc4 Qxc5 10. Qb3 Nc6 11. Na4 Qh5 12. Qb5 Bg4 13. Qxh5 Bxh5 14. Nd2 Ne5 15. Nc3 Rac8 16. Bb3 Bg4 17. h3 Bd7 18. f4 Nd3 19. e4 Nh5 20. Nd5 Rfe8 21. Bc4 Nxc1 22. Raxc1 Bxb2 23. Rb1 Bd4+ 24. Kh2 b5 25. Bxb5 Bxb5 26. Rxb5 e6 27. Nb4 Be3 28. Nb3 Bxf4+ 29. Kg1 Be3+ 30. Kh2 Rb8 31. Rxb8 Rxb8 32. Nc6 Rb6 33. Nxa7 Ra6 34. Nb5 Rxa2 35. Nc3 Rc2 36. Nd1 Bf4+ 37. Kg1 Bc7 38. Re1 Bb6+ 39. Kh2 Nf4 40. Kg3 e5 41. Na1 Rxg2+ 42. Kf3 Ra2 43. Ne3 Bxe3 0-1

[Event "Munich-ch VM1"]
[Site "Munich"]
[Date "2003.02.01"]
[Round "5"]
[White "Callenberg, Ralf"]
[Black "Jovanovic, Momir"]
[Result "1-0"]
[WhiteElo "2007"]
[BlackElo "1901"]
[PlyCount "88"]
[EventDate "2003.01.17"]
[EventType "tourn"]
[EventRounds "9"]
[EventCountry "GER"]
[SourceTitle "EXT 2006"]
[Source "ChessBase"]
[SourceDate "2005.11.24"]
[SourceVersion "1"]
[SourceVersionDate "2005.11.24"]
[SourceQuality "1"]

1. c4 c6 2. Nf3 Nf6 3. b3 b5 4. e3 b4 5. d4 Bb7 6. Bb2 e6 7. Bd3 c5 8. 0-0 Be7 9. Nbd2 0-0 10. e4 cxd4 11. Qc2 d6 12. Nxd4 Nbd7 13. a3 a5 14. axb4 axb4 15. Rxa8 Bxa8 16. Be2 Nc5 17. Bf3 Nfd7 18. Rd1 Qb6 19. Ra1 Bf6 20. e5 dxe5 21. Nxe6 Nxe6 22. Rxa8 Rxa8 23. Bxa8 Nd4 24. Qe4 g6 25. Bd5 Kf8 26. Qe3 Bg7 27. Ne4 h6 28. h4 f5 29. Nd2 Qf6 30. g3 f4 31. gxf4 exf4 32. Qe4 g5 33. Bxd4 Qxd4 34. Qe6 Ne5 35. Qg8+ Ke7 36. Qxg7+ Kd8 37. Qg8+ Kd7 38. Qg7+ Kd8 39. Qf6+ Kd7 40. Qg7+ Kd8 41. Qxh6 g4 42. Qd6+ Nd7 43. Ne4 Qd1+ 44. Kh2 Qxb3 1-0